Gaming Quiz

Random Gaming or Toys Quiz

Magic 8 Ball Answers Quiz Stats

 Plays Quiz Updated Dec 10, 2013

Also try: The Magic Quiz
Challenge
Share
Tweet
Embed
Score 0/20 Timer 04:00
0 Plays Today
Type Answer % Correct
AffirmativeYes
96.6%
MaybeAsk Again Later
37.3%
AffirmativeSigns Point to Yes
13.5%
NegativeDon't Count on It
11.9%
AffirmativeIt is Certain
7.9%
NegativeOutlook Not So Good
7.6%
AffirmativeWithout a Doubt
6.8%
AffirmativeMost Likely
6.2%
NegativeMy Sources Say No
6.1%
AffirmativeIt is Decidedly So
5.9%
Type Answer % Correct
AffirmativeOutlook Good
5.9%
MaybeReply Hazy, Try Again
5.4%
AffirmativeYes - Definitely
5.4%
MaybeConcentrate and Ask Again
4.9%
NegativeMy Reply is No
4.3%
AffirmativeAs I See It, Yes
4.2%
MaybeCannot Predict Now
3.6%
MaybeBetter Not Tell You Now
3.6%
AffirmativeYou May Rely on It
3.5%
NegativeVery Doubtful
3.4%

You're not logged in!

Compare scores with friends on all Sporcle quizzes.
Join for Free
OR
Log In

You Might Also Like...

Show Comments

Extras

Top Quizzes Today


Score Distribution

Your Account Isn't Verified!

In order to create a playlist on Sporcle, you need to verify the email address you used during registration. Go to your Sporcle Settings to finish the process.

Report this User

Report this user for behavior that violates our Community Guidelines.

Details: